Регионална библиотека "Любен Каравелов" - Русе

Интерактивни моделни технологии във висшето педагогическо образование (Запис номер 178272)

MARC детайли
000 -Лидер
Контролно поле с фиксирана дължина 01647nam a2200397 c 4500
003 - Код на организацията, давaща контролен номер
Контролно поле BLK
005 - Дата и час на последна редакция
Контролно поле 20240621130352.0
008 - Елементи от данни с фиксирана дължина
fixed length control field 180411b bul|||||r ||||||| ||bul||
010 ## - Наследен системен номер
LC control number KNG00186977000
020 ## - Международен стандартен номер на книга ISBN
Международен стандартен номер на книга ISBN 978-612-212-000-9
020 ## - Международен стандартен номер на книга ISBN
Международен стандартен номер на книга ISBN 978-619-212-000-9
040 ## - Източник на каталожния запис
Идентификатор на билиотеката - собственик на записа BLK
041 ## - Код за език
Код за езика на текст/звукозапис или на отделно заглавие Български
Код за езика КДБФ Български
080 ## - УДК
Текстов определител УДК Организация на обучението - висше образование
УДК код - определител по УДК 378.1
УДК определител (075.8)
УДК - код + определител 378.1(075.8)
080 ## - УДК
Текстов определител УДК Занимания в предучилищна възраст
УДК код - определител по УДК 373.2
УДК - код + определител 373.2
100 ## - Редна дума - Автор
Автор Конакчиева, Петя Йорданова
R(LIN) 382874
139 ## - Редно поле
Редна дума Конакчиева, Петя Йорданова
Авторски знак Кон - К 81
245 10 - Сведения за заглавието
Заглавие Интерактивни моделни технологии във висшето педагогическо образование
Редно поле (дума) Петя Йорданова Конакчиева.
257 ## - Страна на издаване
Страна на създаване/издаване България
260 ## - Област на издателските данни
Име на издателя, разпространителя и проч. Слово
Година на издаване 2015
Печатница В. Търново : Веста
Място на издаване, разпространение и проч. В. Търново
300 ## - Физическа характеристика
Страници 180 с.
Илюстрации и др. с ил.
Размери/Мащаб 29 см
380 ## - Жанр
Жанр Обществени науки
500 ## - Общи забележки
Забележка Библиогр.: с. 127-134 и след отд. теми
650 #4 - Допълнително описание по предмет – тема
Основно описание – тема или топоним Педагогика, предучилищна
9 (RLIN) 165966
653 ## - Ключова дума – ненормативна
Ключова дума предучилищна подготовка
653 ## - Ключова дума – ненормативна
Ключова дума педагогика
653 ## - Ключова дума – ненормативна
Ключова дума педагогическо образование
659 ## - Тематичен бюлетин
Тематичен бюлетин Н
852 ## - Местоположение
Форматна сигнатура Цб ІІ 21248
856 4# - Електронен адрес и достъп
Електронен формат pdf - файл
Инструкция (цена за достъп) 0.00
Права за достъп disable
856 4# - Електронен адрес и достъп
Електронен формат pdf - файл
Инструкция (цена за достъп) 0.00
Права за достъп disable
999 ## - СИСТЕМНИ КОНТРОЛНИ НОМЕРА
Koha biblionumber 178272
Koha biblioitemnumber 178272
942 ## - АРТИКУЛИ
Вид на библиотечния материал Книги
Скрит в OPAC Не
Периодичен библиозапис Да
944 ## - СЪЗДАВАНЕ И РЕДАКЦИЯ на ЗАПИСА
Създаване/Редакция Създаване
Дата на регистрацията/редакция 09.03.2016
Служител, извършил регистрацията/редакцията 30540
Статус, дата на статуса Севдалина Тодорова
944 ## - СЪЗДАВАНЕ И РЕДАКЦИЯ на ЗАПИСА
Създаване/Редакция Редакция
Дата на регистрацията/редакция 21.03.2016
Служител, извършил регистрацията/редакцията Геновева_Генчева
999 ## - СИСТЕМНИ КОНТРОЛНИ НОМЕРА
Koha biblioitemnumber 178272
Наличности
Код за отписване Код за изгубен артикул Код за повреда Коз за рестрикции Код за отдаване Артикулен № Име на библиотеката - собственик Име на библиотеката, в която се намира в момента Статус (Текущо местоположение) Дата на вписване в системата Местоположение - отдел Цена в лева Инвентарен номер Систематично азбучна сигнатура Баркод Номер на екземпляра Цена в евро Служебна бележка Служебен тип на артикула Източник на класификационната схема
  Не е изгубен Не е повреден без рестрикции ползва се в читалня 306190 Регионална библиотека "Любен Каравелов" Русе Регионална библиотека "Любен Каравелов" Русе Хранилище 2016-03-09 Хранилище 15.00 120000798751 Цб ІІ 21248 120000798751 1 7.67 Дост: Dp Вид: Д N: 7 Дата: 01.02.2016 Книги  
  Не е изгубен Не е повреден без рестрикции заемане за дома 929023 Регионална библиотека "Любен Каравелов" Русе Регионална библиотека "Любен Каравелов" Русе Заемна - подръчен фонд 2023-05-23 Заемна - подръчен фонд 11.25 120000888210 378/К 81 П 120000888210   5.75   Книги Universal Decimal Classification
  Не е изгубен Не е повреден без рестрикции заемане за дома 929024 Регионална библиотека "Любен Каравелов" Русе Регионална библиотека "Любен Каравелов" Русе Заемна - подръчен фонд 2023-05-23 Заемна - подръчен фонд 11.25 120000888211 378/К 81 П 120000888211   5.75   Книги Universal Decimal Classification
Vip Innovations Ltd, Rousse, Bulgaria 2025